000 00279nam a2200121 i 4500
001 bg
245 0 _aKierunki usprawnień działalności transportu.
260 _aSzczecin,
_c1975.
040 _cBPK
041 _apol
942 _cKS
008 s pl f |000 0 pol
999 _c16696
_d16696
856 _uhttp://koha.tu.koszalin.pl/cgi-bin/koha/opac-detail.pl?biblionumber=16696
_yKatalog online BPK